Gâtinais - culture - nouvelle version - Statistiques

Statistiques générales
  • Ce quiz a été pris 19 fois
    8 depuis la dernière actualisation
  • Le résultat moyen est 13 sur 30
Statistiques - réponses
... Réponses % Correct
Départements formant la région du Gâtinais Loiret
100%
Capitale historique du Gâtinais orléanais, le Sud de la région Montargis
100%
Essonne
86%
Seine-et-Marne
86%
Chef-lieu d'arrondissement de Seine-et-Marne, notamment célèbre pour son château Fontainebleau
71%
Yonne
71%
Hôtes de celui-ci, ayant tous dirigé la France François 1er
57%
Villes en bord de Loire connues pour leur porcelaine Gien
57%
Rivière se jetant dans la Seine et jouxtée par un autre canal Loing
57%
Louis-Napoléon Bonaparte
57%
Capitale historique du Gâtinais français, le Nord de la région Nemours
57%
Briare
43%
Ville connue pour son abbaye médiévale Ferrières-en-Gâtinais
43%
Surnom de celle-ci la Venise du Gâtinais
43%
Cité située à la confluence de l'Yonne et de la Seine, célèbre notamment pour sa collégiale Notre-Dame-et-Saint-Loup Montereau-Fault-Yonne
43%
Nièvre
43%
Canal permettant la navigation entre la Loire et la Seine Canal de Briare
29%
Famille d'entrepreneurs américains, dont le nom fait référence à la ville précédente Dupont de Nemours
29%
Forêt hantée du Loiret Forêt de Montargis
29%
Personnage des "Visiteurs" effrayé par la sorcière de cette même forêt Jacquouille la Fripouille
29%
Nom du duc de Bourgogne qui y a été assassiné le 10 septembre 1419, lors de la guerre de Cent Ans Jean sans Peur
29%
Bière blanche du Gâtinais la Gâtine
29%
Napoléon Bonaparte
29%
Peintre animalière décédée en 1899, dont de nombreuses œuvres sont exposées au sein de sa demeure à Thomery Rosa Bonheur
29%
Château fort médiéval situé sur la commune de Dordives château de Mez-le-Maréchal
14%
Rivière icauno-loiretaine, affluent de la rivière précédente Cléry
14%
Association culturelle locale Gâtinais libre
14%
Village dans lequel Jacqueline Sauvage a tué son mari la Selle-sur-le-Bied
14%
Radio du Sud Seine-et-Marne Oxigène
14%
Village enclavé au cœur de la forêt précédemment citée Paucourt
14%
Aucun quiz correspondant
Distribution des résultats
% des personnes avec chaque résultat
Percentile par nombre de réponses
Votre historique - résultats
Vous n’avez pas pris ce quiz depuis la dernière actualisation